[Event "Gibraltar Amateurs op-A"]
[Site "Caleta"]
[Date "2020.01.23"]
[Round "4"]
[White "Salas Calvo, Alberto"]
[Black "Davies, Cledwyn"]
[Result "1-0"]
[WhiteElo "1645"]
[BlackElo "1507"]
[PlyCount "99"]
[EventDate "2020.01.20"]
[EventType "swiss"]
[EventRounds "5"]
[EventCountry "GGB"]
[SourceTitle "EXT 2021"]
[Source "ChessBase"]
[SourceDate "2020.10.23"]
[SourceVersion "1"]
[SourceVersionDate "2020.10.23"]
[SourceQuality "1"]

1. d4 Nf6 2. c4 c5 3. d5 b5 4. cxb5 a6 5. bxa6 Bxa6 6. Nc3 d6 7. e4 Bxf1 8. Kxf1 g6 9. g3 Bg7 10. Kg2 0-0 11. Nf3 Nbd7 12. a4 Ne8 13. Qc2 Nc7 14. Bd2 Na6 15. Nb5 Nc7 16. Nxc7 Qxc7 17. Bc3 Rfb8 18. Bxg7 Kxg7 19. Rhb1 Rb4 20. b3 Qa5 21. Nd2 Nb6 22. Rc1 Rc8 23. Qb2+ f6 24. Nc4 Nxc4 25. Rxc4 Rxc4 26. bxc4 Qb4 27. Qa2 Rb8 28. a5 Qb3 29. Qxb3 Rxb3 30. a6 Rb8 31. Kf3 Kf7 32. Ke3 Ke8 33. a7 Ra8 34. f4 Kd7 35. e5 Kc7 36. exf6 exf6 37. Ra6 f5 38. Kd3 h6 39. Kc3 g5 40. Kb3 gxf4 41. gxf4 h5 42. Ka4 h4 43. h3 Kd7 44. Kb5 Kc7 45. Rc6+ Kb7 46. Rb6+ Kc7 47. Ka6 Kc8 48. Rc6+ Kd7 49. Kb7 Rh8 50. Rc7+ 1-0

[Event "Gibraltar Amateurs op-A"]
[Site "Caleta"]
[Date "2020.01.20"]
[Round "1"]
[White "Teh, Wee Zhun"]
[Black "Salas Calvo, Alberto"]
[Result "1-0"]
[WhiteElo "1857"]
[BlackElo "1645"]
[PlyCount "93"]
[EventDate "2020.01.20"]
[EventType "swiss"]
[EventRounds "5"]
[EventCountry "GGB"]
[SourceTitle "CBM 194 Extra"]
[Source "ChessBase"]
[SourceDate "2020.03.31"]
[SourceVersion "1"]
[SourceVersionDate "2020.03.31"]
[SourceQuality "1"]

1. d4 d6 2. c4 e5 3. Nc3 exd4 4. Qxd4 Nc6 5. Qd2 Nf6 6. e4 Be6 7. b3 Be7 8. Bd3 0-0 9. Nge2 a5 10. Bb2 Nb4 11. Rd1 Nxd3+ 12. Qxd3 Re8 13. 0-0 Nd7 14. Qc2 Nc5 15. Nd5 Bf8 16. Ng3 c6 17. Ne3 Qc7 18. f3 Rad8 19. Kh1 Qe7 20. Qc3 Nd7 21. Nef5 Qg5 22. Nxd6 Bxd6 23. Rxd6 Nf6 24. Rxd8 Rxd8 25. f4 Qh6 26. Qxa5 Rf8 27. Nf5 Bxf5 28. Qxf5 Rd8 29. h3 Ne8 30. Be5 Qh4 31. Qg4 Qe7 32. Qf3 Rd2 33. a4 Qd7 34. Qg3 Rd3 35. Rf3 Rd1+ 36. Kh2 Qd2 37. f5 Qc1 38. Qf4 Rh1+ 39. Kg3 Qe1+ 40. Rf2 Rf1 41. Bd4 h5 42. Qe3 Qxe3+ 43. Bxe3 Rb1 44. Rd2 Rxb3 45. Kf4 Nf6 46. e5 g5+ 47. fxg6 1-0

[Event "Zaragoza Province-ch Primera"]
[Site "Zaragoza"]
[Date "2015.10.25"]
[Round "4"]
[White "Salas Calvo, Alberto"]
[Black "Pintanel Torres, Manuel"]
[Result "1-0"]
[WhiteElo "1670"]
[BlackElo "1551"]
[PlyCount "80"]
[EventDate "2015.09.27"]
[EventType "swiss"]
[EventRounds "6"]
[EventCountry "ESP"]
[SourceTitle "CBM 170 Extra"]
[Source "ChessBase"]
[SourceDate "2016.02.25"]
[SourceVersion "1"]
[SourceVersionDate "2016.02.25"]
[SourceQuality "1"]

1. d4 d5 2. c4 e6 3. Nc3 Nf6 4. Nf3 Nc6 5. Bf4 a6 6. c5 Bd7 7. e3 b6 8. cxb6 cxb6 9. a3 b5 10. Bd3 Be7 11. 0-0 Nh5 12. Be5 Nxe5 13. dxe5 g6 14. Nd4 0-0 15. e4 Bc5 16. Nb3 Ba7 17. exd5 exd5 18. Nxd5 Bc6 19. Be4 Rc8 20. Rc1 Qe8 21. Qxh5 Bxd5 22. Qf3 Bxe4 23. Qxe4 Qe6 24. Nd4 Bxd4 25. Qxd4 Rfd8 26. Qe3 Rxc1 27. Rxc1 Qf5 28. Qc3 Rd5 29. Re1 Rd3 30. Qc2 Qd7 31. g3 Qd4 32. e6 Rd2 33. exf7+ Kxf7 34. Qc7+ Kf6 35. Qe7+ Kf5 36. Qe6+ Kg5 37. Re5+ Kh6 38. Qf6 Rxf2 39. Rh5+ Kxh5 40. Qxd4 Rf7 1-0

[Event "Aragon-chT Preferente B"]
[Site "Aragon"]
[Date "2013.03.16"]
[Round "8.52"]
[White "Salas Calvo, Alberto"]
[Black "Sancho Cortes, Miguel Angel"]
[Result "1/2-1/2"]
[WhiteElo "1711"]
[BlackElo "2083"]
[PlyCount "53"]
[EventDate "2013.01.26"]
[EventType "team"]
[EventRounds "9"]
[EventCountry "ESP"]
[SourceTitle "EXT 2014"]
[Source "ChessBase"]
[SourceDate "2013.11.20"]
[SourceVersion "1"]
[SourceVersionDate "2013.11.20"]
[SourceQuality "1"]
[WhiteTeam "Ramiro II"]
[BlackTeam "Marcos Frechin"]
[WhiteTeamCountry "ESP"]
[BlackTeamCountry "ESP"]

1. d4 Nf6 2. Nf3 e6 3. e3 c5 4. Bd3 Nc6 5. 0-0 d5 6. b3 Bd6 7. Bb2 0-0 8. Nbd2 Qc7 9. c4 e5 10. cxd5 Nxd5 11. dxc5 Bxc5 12. Qc2 Qe7 13. Nxe5 Nxe5 14. Bxe5 Nxe3 15. Bxh7+ Kh8 16. Bxg7+ Kxg7 17. fxe3 Rh8 18. Qc3+ Kxh7 19. Rf3 Bd6 20. Raf1 Be6 21. Ne4 Qc7 22. Nf6+ Kh6 23. Qd4 Bxh2+ 24. Kf2 Qc2+ 25. Ke1 Qc1+ 26. Kf2 Qc2+ 27. Ke1 1/2-1/2

[Event "Aragon-chT Preferente B"]
[Site "Aragon"]
[Date "2013.02.02"]
[Round "2.68"]
[White "Hernandez Montoro, Irene"]
[Black "Salas Calvo, Alberto"]
[Result "0-1"]
[WhiteElo "1579"]
[BlackElo "1711"]
[PlyCount "106"]
[EventDate "2013.01.26"]
[EventType "team"]
[EventRounds "9"]
[EventCountry "ESP"]
[SourceTitle "EXT 2014"]
[Source "ChessBase"]
[SourceDate "2013.11.20"]
[SourceVersion "1"]
[SourceVersionDate "2013.11.20"]
[SourceQuality "1"]
[WhiteTeam "IberCaja III"]
[BlackTeam "Ramiro II"]
[WhiteTeamCountry "ESP"]
[BlackTeamCountry "ESP"]

1. d4 d6 2. Nf3 g6 3. c4 f5 4. Nc3 Nf6 5. Bg5 Nbd7 6. e3 Bg7 7. Bd3 h6 8. Bh4 0-0 9. Qc2 Qe8 10. Nb5 Qd8 11. Bxf6 Nxf6 12. Nh4 Kh7 13. Rg1 c6 14. Nc3 e5 15. dxe5 dxe5 16. 0-0-0 Nd7 17. g3 e4 18. Be2 Qa5 19. Rd6 Ne5 20. Qa4 Qc5 21. Rd2 Be6 22. b4 Qe7 23. Rgd1 Nd3+ 24. Bxd3 Bxc3 25. Rc2 Bxb4 26. Be2 Ba3+ 27. Kb1 b5 28. cxb5 cxb5 29. Qa5 Bd6 30. Rc6 Be5 31. f4 exf3 32. Bxf3 Bg7 33. Rc7 Qf6 34. Rxg7+ Kxg7 35. Bxa8 Rxa8 36. Qc7+ Kg8 37. Rd6 g5 38. Nf3 f4 39. exf4 Bf5+ 40. Kc1 Qa1+ 41. Kd2 Qxa2+ 42. Ke3 Qb3+ 43. Ke2 Re8+ 44. Ne5 Bg4+ 45. Kd2 Qd1+ 46. Ke3 Qe1+ 47. Kd3 Qd1+ 48. Ke4 Qe2+ 49. Kd4 Qf2+ 50. Kd5 Bf3+ 51. Nxf3 Qxf3+ 52. Kd4 Re4+ 53. Kd5 Re7+ 0-1

[Event "Aragon-ch Primera"]
[Site "Spain"]
[Date "2009.??.??"]
[Round "5"]
[White "Salas Calvo, Alberto"]
[Black "Marcellan Peire, Jesus Eduardo"]
[Result "1-0"]
[WhiteElo "1711"]
[BlackElo "1877"]
[PlyCount "51"]
[EventDate "2009.??.??"]
[EventType "swiss"]
[EventRounds "9"]
[EventCountry "ESP"]
[SourceTitle "EXT 2013"]
[Source "ChessBase"]
[SourceDate "2012.11.22"]
[SourceVersion "1"]
[SourceVersionDate "2012.11.22"]
[SourceQuality "1"]

1. d4 Nf6 2. Nf3 d5 3. c4 e6 4. Nc3 c6 5. e3 Be7 6. Bd3 Na6 7. b3 Nb4 8. Bb1 c5 9. dxc5 Bxc5 10. a3 Nc6 11. cxd5 exd5 12. b4 Be7 13. Ba2 Be6 14. 0-0 0-0 15. Ng5 Rc8 16. Bb2 h6 17. Nxe6 fxe6 18. e4 d4 19. Bxe6+ Kh8 20. Nd5 Rb8 21. Bxd4 Nxe4 22. Bb2 Ng5 23. Nxe7 Qxe7 24. Ba2 Rbd8 25. Qh5 Rd2 26. Qxh6+ 1-0